000
00282nam a2200109 a 4500
008
141120s2005|||| d
245
1
0
_a
Všeobecný encyklopedický slovník G-L
260
_b
Ottovo nakladatelství
_a
Praha
_c
2005
020
_c
11,25
041
_a
slo
044
_a
xo
_c
SK
999
_c
20523
_d
20523